Los 600 mejores tips de belleza y personalidad (Registro nro. 7064)
[ vista simple ]
| 000 -Cabecera | |
|---|---|
| Campo de control de longitud fija | 00763aam a2200325 4500 |
| 005 - Fecha y hora de la última transacción | |
| Campo de control | 20231212112506.0 |
| 008 - Elementos de longitud fija--Información general | |
| Campo de control de longitud fija | 150730b2002 xxu||||| |||| 00| 0 spa d |
| 020 ## - International Standard Book Number | |
| Número Internacional Estándar del Libro (ISBN) | 9681331710 |
| 041 ## - Idioma | |
| Código de idioma | Español |
| 082 ## - Clasificación Decimal Dewey | |
| Número de clasificación | 646.72 C345s |
| 100 ## - Entrada principal--Autor personal | |
| Nombre personal | Casinni, Fredo |
| 9 (RLIN) | 39817 |
| 245 ## - Título propiamente dicho | |
| Título | Los 600 mejores tips de belleza y personalidad |
| 260 ## - Pie de imprenta | |
| Lugar de publicación, distribución, etc. | México |
| 260 ## - Pie de imprenta | |
| Nombre del editor, distribuidor, etc. | Diana |
| 260 ## - Pie de imprenta | |
| Fecha de publicación, distribución, etc. | 2002 |
| 300 ## - Descripción física | |
| Extensión | 231 páginas |
| 650 ## - Materia general | |
| Temática (materia general) | CUIDADO DEL CABELLO |
| 650 ## - Materia general | |
| Temática (materia general) | CUIDADO DE LA CARA |
| 650 ## - Materia general | |
| Temática (materia general) | CUIDADO DE LA PIEL |
| 650 ## - Materia general | |
| Temática (materia general) | CUIDADO DE LAS UÑAS |
| 650 ## - Materia general | |
| Temática (materia general) | MAQUILLAJE |
| 650 ## - Materia general | |
| Temática (materia general) | HIGIENE |
| 650 ## - Materia general | |
| Temática (materia general) | DIETA |
| 650 ## - Materia general | |
| Temática (materia general) | CUTIS |
| 650 ## - Materia general | |
| Temática (materia general) | PIEL |
| 650 ## - Materia general | |
| Temática (materia general) | MODA |
| 650 ## - Materia general | |
| Temática (materia general) | BELLEZA |
| 650 ## - Materia general | |
| Temática (materia general) | NUTRICIÓN |
| 942 ## - Punto de acceso adicional KOHA | |
| Tipo de ítem KOHA | Libro |
| Fuente del sistema de clasificación o colocación | Dewey Decimal Classification |
| Signatura completa | Código de barras | Tipo de ítem |
|---|---|---|
| 646.72 C345s | 12417 | Libro |